İnsanın kaderi/ (Record no. 13954)

MARC details
000 -BAŞLIK
Sabit Uzunlukta Kontrol Alanı 00553nam a22001937a 4500
999 ## - SİSTEM KONTROL NUMARALARI (KOHA)
Koha Biblionumber 13954
Koha Biblioitemnumber 13954
003 - KONTROL NUMARASI IDENTIFIER
Denetim Alanı MIRAKIL
005 - SON İŞLEM TARİHİ VE ZAMANI
Denetim Alanı 20200825115102.0
008 - SABİT-BOY VERİ ELEMANLARI - GENEL BİLGİLER
Sabit Uzunlukta Kontrol Alanı 200825b tu ||||| |||| 00| 0 tur d
040 ## - KATALOGLAMA KAYNAK
Orijinal Kataloglama Ajansı TR-AnCHP
Metne Dönüştürmek Ajansı TR-AnCHP
041 ## - DİL KODU
Metin / Ses Parça Veya Ayrı Başlığın Dil Kodu tur
082 ## - DEWEY ONLU SINIFLANDIRMA NUMARASI
Sınıflandırma Numarası 891.74
Ürün Numarası Ş64i 1966
100 ## - ANA GİRİŞ - KİŞİSEL İSİM
Kişisel Ad Şolohov, Mihail
245 10 - BAŞLIK TABLOSU
Başlık İnsanın kaderi/
Sorumluluk Tablosu, Vb Mihail Şolohov; çeviren : Suat Derviş.
260 ## - YAYIN, DAĞITIM, VB
Yayın, Dağıtım, Vb Yeri İstanbul:
Yayıncı, Dağıtıcı, Vs Adı Gün Yayınları,
Yayın, Dağıtım, Vb Tarihi 1966.
300 ## - FİZİKSEL TANIM
Kapsam 95 s.:
Boyutlar 20 sm.
650 #0 - KONU KATMA GİRİŞ - TOPİKAL DÖNEM
9 (RLIN) 5112
Topikal Süreli Veya Coğrafi Ad Giriş Elemanı Rus Edebiyatı
Genel Alt Bölümü Roman
700 ## - KATMA GİRİŞ - KİŞİSEL İSİM
9 (RLIN) 6443
Kişisel Ad Derviş, Suat
Relator Terim çev.
942 ## - EKLENDİ GİRİŞ ELEMANLARI (KOHA)
Sınıflandırma Veya Raf Düzeni Kaynak Dewey Decimal Classification
Koha Öğesi Türü Books
Holdings
Kalıcı Konum Mevcut Konum Edinme Tarihi Toplam Check-Out'Lar Tam Çağrı Numarası Barkod Tarih Son Görülme İtibaren Geçerli Fiyatlar Sigara Kamu Notu Koha Öğesi Türü
CHP Kütüphanesi CHP Kütüphanesi 08/25/2020   891.74 Ş64i 1966 019437 08/25/2020 08/25/2020 Emine Başak Alkan Bağışıdır. Books